000
00281nam a22000977a 4500
999
_c
508447
_d
508447
082
_a
Y15x5451
100
_a
Andhra Pradesh. Board of Revenue
_9
3777
245
_a
Redistribution of land in Hyderabad
_c
by Board of Revenue
260
_a
Hyderabad
_b
Government Press
_c
1956
300
_a
72p.